Middle-Earth Location by Image Quiz Stats

 Plays Quiz Updated Oct 30, 2017

Challenge
Share
Tweet
Score 0/25 Timer 12:00
1 Play Today
% Correct
Hobbiton (Bag End)
91%
Mount Doom
88.9%
Rivendell
87.8%
Black Gate
83.6%
Helm's Deep
81.8%
Minas Tirith
80.4%
Moria
80.2%
Fangorn Forest
77.9%
Isengard
74.3%
Barad-dûr
70.1%
Bree
66.6%
Shelob's Lair
65.6%
Weathertop
63%
% Correct
Osgiliath
61.7%
Dead Marshes
60.8%
Caras Galadhon
59.5%
Minas Morgul
57.8%
Edoras
53.7%
Erebor
52.9%
Pelennor Fields
42.2%
Dale
41.5%
Argonath
29.6%
Goblin-town
26.5%
Amon Hen
25.8%
Emyn Muil
20%

You're not logged in!

Compare scores with friends on all Sporcle quizzes.
Join for Free
OR
Log In

You Might Also Like...

Show Comments

Extras

Top Quizzes Today


Score Distribution

Your Account Isn't Verified!

In order to create a playlist on Sporcle, you need to verify the email address you used during registration. Go to your Sporcle Settings to finish the process.

Report this User

Report this user for behavior that violates our Community Guidelines.

Details: